000 00583nam a22002057a 4500
999 _c10521
_d10521
003 AR-CdUCM
008 190401b ||||| |||| 00| 0 spa d
020 _a9972-728-09-9
040 _aMUNICIPALIDAD PROVINCIAL DEL CUSCO
_cBIBLIOTECA MUNICIPAL DEL CUSCO
082 _aES / 800 /
_bS65
100 _aSófocles
_927435
245 _aEdipo rey /
260 _aLima :
_bFondo editorial navarrete,
300 _a126 paginas ;
_c14 cm.
505 _aContenido :Edipo rey.
650 _aLiteratura peruana
_9169
650 _aBiografías
_9148
942 _2ddc
_cLIBROS
945 _arum